Loading...
| Geography | 0 | 6 | 0 | 0 | 60 | 36 | 94.50 | 0 | 1 |
| Fine Arts - Other Fine Arts | 0 | 5 | 0 | 3 | 50 | 116 | 140.00 | 0 | 0 |
| History - World History | 0 | 4 | 0 | 2 | 40 | 108 | 123.25 | 0 | 0 |
| Any History | 0 | 4 | 1 | 0 | 35 | 82 | 113.25 | 0 | 1 |
| History - European History | 0 | 4 | 1 | 1 | 35 | 102 | 121.25 | 0 | 0 |
| Religion | 0 | 3 | 0 | 1 | 30 | 58 | 108.67 | 0 | 1 |
| History - American History | 0 | 3 | 0 | 0 | 30 | 82 | 106.67 | 0 | 1 |
| Fine Arts - Classical Music | 0 | 2 | 0 | 1 | 20 | 97 | 124.00 | 0 | 1 |
| Literature - World Literature | 0 | 1 | 0 | 1 | 10 | 141 | 141.00 | 0 | 0 |
| Mythology | 0 | 1 | 0 | 0 | 10 | 77 | 77.00 | 0 | 1 |
| Other Academic | 0 | 1 | 0 | 1 | 10 | 149 | 149.00 | 0 | 0 |
| Current Events | 0 | 1 | 0 | 0 | 10 | 132 | 132.00 | 0 | 0 |
| Science - Other Science | 0 | 1 | 0 | 0 | 10 | 78 | 78.00 | 0 | 0 |
| Painting & Sculpture | 0 | 0 | 0 | 0 | 0 | 0.00 | 0 | 0 |